000 00836nam a2200229Ia 4500
005 20241129111345.0
008 241129s9999||||xx |||||||||||||| ||und||
020 _a978-93-87677-06-7
037 _aTB
040 _aCRL
_bhin
_cCRL
041 _ahin
_2hin
084 _aQ1:31 152R3
_qCRL
100 _aआर्य शास्त्री, छविकृष्ण, ले.
245 0 _aवैदिक देवगणः एक अध्ययन
_cआर्य शास्त्री, छविकृष्ण, ले.
260 _aदिल्ली, भारत
_bउपासना पब्लिकेशन्स
_c2023
300 _a227पृ0
365 _aINR
_b650
546 _aTranslated from Sanskrit to Hindi
650 _aReligion
942 _cTB
_hQ1:31 152R3
999 _c1230085
_d1230085